La situación laboral y previsional de los administradores y socios (Registro nro. 27576)

Detalles MARC
000 -LEADER
fixed length control field 00352 a2200109 4500
001 - CONTROL NUMBER
control field ART_18717
005 - DATE AND TIME OF LATEST TRANSACTION
control field 20260410161919.0
008 - FIXED-LENGTH DATA ELEMENTS--GENERAL INFORMATION
fixed length control field 260409a
100 1# - MAIN ENTRY--PERSONAL NAME
Personal name Rubio, Valentín
245 10 - TITLE STATEMENT
Title La situación laboral y previsional de los administradores y socios
773 0# - HOST ITEM ENTRY
Title La información
Related parts - Tomo XXXV, Nº 565 (ene. 1977)
Record control number REV14902

No hay ítems disponibles.